000 01369nam2a22002531 4500
001 RU\NLR\19V\934266
005 20250620110145.0
035 _a(NLR Aleph) 005289784
090 _a6178715
_c6178715
100 _a20130403d1908 |||y0rusy50 ca
101 0 _arus
102 _aRU
105 _ay z |||||
200 0 _a... за 1907-1908 год
210 _a[Вятка
_d1908]
300 _aЗа 1907-8 г. печатается на страницах Вятских епархиальных ведомостей 1908, №43
422 0 _12001#$aВятские епархиальные ведомости$v1908, №43
_tВятские епархиальные ведомости
461 0 _1001rc\1312795
_12001#$aОтчет Вятского отдела Православного Палестинского общества...$v... за 1907-1908 год
_96146468
_aИмператорское православное Палестинское общество (Петербург). Вятский отдел
_cВятка
_d1899-1914
_tОтчет Вятского отдела Православного Палестинского общества...
_v... за 1907-1908 год
801 0 _aRU
_bNLR
_c20130403
_gpsbo
801 1 _aRU
_bNLR
_c20130403
_2rusmarc
801 2 _aRU
_bNLR
_c20130403
_2rusmarc
852 _aNLR
_j5/10 (период.)
942 _cBOOK
980 _aNB